| 000 | 00920nam a2200253 4500 | ||
|---|---|---|---|
| 003 | CO-ViMGA | ||
| 020 | _a9789588898117 | ||
| 040 |
_aCO-ViMGA _bspa _cCO-ViMGA |
||
| 082 | 0 | 4 |
_a841.45 _bL13f |
| 100 | 1 |
_aLa Fontaine, Jean de , _d1621-1695 _95515 |
|
| 245 | 1 | 0 |
_aFábulas de la Fontaine / _bilustradas por Olga Cuellar ; _ctraducción Teodoro Llorente. |
| 260 |
_aColombia : _bInstituto Distrital de las Artes , _c2015. |
||
| 300 |
_a93 p. : _bil. ;16 cm. |
||
| 490 | _aCirculación libro al viento. | ||
| 500 | _aIncluye glosario. | ||
| 650 | 1 | 4 |
_aAnimales - Cuentos infantiles _91729 |
| 650 | 1 | 4 |
_aCuentos infantiles franceses _985 |
| 650 | 1 | 4 |
_aFábulas francesas _95516 |
| 650 | 1 | 4 |
_aLiteratura infantil _9827 |
| 700 | 1 |
_aCuéllar, Olga, _d1958, _eilustraciones. _95517 |
|
| 700 | 1 |
_aGarcía Angel, Antonio, _d1972, _eeditor. _95519 |
|
| 700 | 1 |
_aLlorente, Teodoro, _d1836-1911, _etraductor. _95518 |
|
| 942 |
_cBK _2ddc |
||
| 999 |
_c35994 _d35994 |
||